[Event "19eme Open de La Réunion"]
[Site "Salle des fêtes de Bellepierre"]
[Date "2017.10.17"]
[Round "2.6"]
[White "Desire, Michael"]
[Black "Etheve, Lionel"]
[Result "0-1"]
[WhiteElo "1773"]
[BlackElo "1576"]
[PlyCount "66"]
[EventDate "2017.??.??"]

1. d4 d5 2. c4 c6 3. Nc3 Bf5 4. cxd5 cxd5 5. Qb3 e6 6. Qxb7 Nd7 7. Qb3 Bd6 8.
Nf3 Ngf6 9. e3 h6 10. h3 g5 11. Be2 Bg6 12. Qd1 Rb8 13. a3 Ne4 14. Nxe4 Bxe4
15. b4 a5 16. b5 Qc7 17. Bd3 Qc3+ 18. Qd2 Qxa1 19. O-O Bxd3 20. Qxd3 Qa2 21.
Qc3 Qc4 22. Qxc4 dxc4 23. a4 Nb6 24. Nd2 Bb4 25. Rd1 c3 26. Ne4 Nxa4 27. d5 Rd8
28. d6 f5 29. Ng3 Rxd6 30. Rxd6 Bxd6 31. Ne2 Bc5 32. Kf1 Ke7 33. Ke1 Rb8 0-1

[Event "19eme Open de La Réunion"]
[Site "Salle des fêtes de Bellepierre"]
[Date "2017.10.17"]
[Round "2.7"]
[White "Arulanantham, Manuelpillai"]
[Black "Goorsahye, Antoine"]
[Result "0-1"]
[WhiteElo "1570"]
[BlackElo "1750"]
[PlyCount "56"]
[EventDate "2017.??.??"]

1. e4 e5 2. Nf3 Nc6 3. Bb5 a6 4. Ba4 Nf6 5. Nc3 Bc5 6. h3 O-O 7. d3 h6 8. Bxc6
dxc6 9. Nxe5 Qd4 10. Be3 Qxe5 11. d4 Bxd4 12. Qxd4 Qh5 13. f3 Be6 14. O-O-O Qa5
15. Qa4 Qh5 16. Qd4 b5 17. g4 Qg6 18. h4 Nd7 19. h5 Qf6 20. Qxf6 Nxf6 21. e5
Nd7 22. Rhe1 Nxe5 23. Bxh6 Nxf3 24. Bxg7 Kxg7 25. Re4 Kh6 26. Rf1 Ng5 27. Rf6+
Kg7 28. Ref4 Rh8 0-1

[Event "19eme Open de La Réunion"]
[Site "Salle des fêtes de Bellepierre"]
[Date "2017.10.17"]
[Round "2.8"]
[White "Bah, Ismael"]
[Black "Larmet, Nino"]
[Result "0-1"]
[WhiteElo "1712"]
[BlackElo "1563"]
[PlyCount "92"]
[EventDate "2017.??.??"]

1. Nf3 d5 2. b3 Nf6 3. Bb2 c5 4. e3 e6 5. c4 Nc6 6. Be2 Be7 7. O-O O-O 8. d4 b6
9. Nc3 Bb7 10. cxd5 exd5 11. Rc1 Rc8 12. Re1 Re8 13. Bb5 a6 14. Bd3 Bf8 15. a3
cxd4 16. exd4 Bd6 17. Qd2 Ne7 18. Ne5 Ng6 19. f4 Bxe5 20. fxe5 Nd7 21. Bf5 Rc7
22. Na4 Rxc1 23. Qxc1 b5 24. Nc3 Ndf8 25. Qd2 Ne6 26. Qf2 Qg5 27. Kh1 Ngf4 28.
Bb1 Nxd4 29. Bc1 Nde6 30. Rf1 d4 31. Ne4 Qxe5 32. Bxf4 Nxf4 33. Qf3 Bxe4 34.
Bxe4 Qxe4 35. Qf2 Qe3 36. Qh4 Nd3 37. h3 g5 38. Qh5 Nf2+ 39. Kh2 d3 40. h4 Qf4+
41. Kg1 Re2 42. hxg5 Qe3 43. Kh2 d2 44. g6 Qe5+ 45. Qxe5 Rxe5 46. gxf7+ Kf8 0-1

[Event "19eme Open de La Réunion"]
[Site "Salle des fêtes de Bellepierre"]
[Date "2017.10.17"]
[Round "2.9"]
[White "Pun Chung, Leo"]
[Black "Andriandaza, Tombo Omar"]
[Result "0-1"]
[WhiteElo "1443"]
[BlackElo "1711"]
[PlyCount "64"]
[EventDate "2017.??.??"]

1. e4 c6 2. d4 d5 3. Nc3 dxe4 4. Nxe4 Bf5 5. Ng3 Bg6 6. Nf3 Nd7 7. h4 h6 8. h5
Bh7 9. Bd3 Ngf6 10. Bf4 e6 11. Bxh7 Nxh7 12. Qd3 Qa5+ 13. Bd2 Qb6 14. O-O-O
Nhf6 15. Ne2 Nd5 16. Nc3 Qc7 17. Nxd5 cxd5 18. g4 Bd6 19. Rde1 O-O-O 20. g5
hxg5 21. Nxg5 Nf6 22. Nxf7 Qxf7 23. Ba5 Rde8 24. Rh3 Rxh5 25. Rf3 Qd7 26. Qg6
Rh6 27. Rc3+ Kb8 28. Qg2 Ne4 29. Rb3 Bf4+ 30. Kd1 g5 31. f3 Rh2 32. Qg1 Nf2+
0-1

[Event "19eme Open de La Réunion"]
[Site "Salle des fêtes de Bellepierre"]
[Date "2017.10.17"]
[Round "2.10"]
[White "Triton, Maxime"]
[Black "Muller, Sebastien"]
[Result "1-0"]
[WhiteElo "1705"]
[BlackElo "1431"]
[PlyCount "65"]
[EventDate "2017.??.??"]

1. e4 c5 2. Nf3 g6 3. d4 Bg7 4. Nc3 cxd4 5. Nxd4 Qb6 6. Nb3 d6 7. Bd3 Nf6 8.
Be3 Qd8 9. O-O e5 10. h3 Be6 11. Qd2 h6 12. Rad1 Nc6 13. Be2 Ke7 14. Nb5 Nxe4
15. Qe1 a6 16. f3 axb5 17. fxe4 Qd7 18. Bxb5 Bxh3 19. gxh3 Qxh3 20. Rf2 Rxa2
21. Rd3 Qg3+ 22. Kh1 Bf6 23. Bc4 Rxb2 24. Qf1 Qh4+ 25. Kg1 Qg4+ 26. Kh2 Qh4+
27. Kg1 Nb4 28. Rxd6 Rxc2 29. Rxc2 Nxc2 30. Rxf6 Nxe3 31. Rxf7+ Kd6 32. Qd3+
Kc6 33. Qd7+ 1-0

[Event "19eme Open de La Réunion"]
[Site "Salle des fêtes de Bellepierre"]
[Date "2017.??.??"]
[Round "2.11"]
[White "Sandjivy, Yann"]
[Black "Frelicot, Eric"]
[Result "0-1"]
[WhiteElo "1010"]
[BlackElo "1680"]
[PlyCount "43"]
[EventDate "2017.??.??"]

1. e4 c6 2. Bc4 d5 3. Bd3 dxe4 4. Bxe4 Nf6 5. Bf3 Bf5 6. Be2 e5 7. Nf3 Nbd7 8.
O-O Bd6 9. d3 Qc7 10. Bg5 O-O-O 11. Bxf6 Nxf6 12. Nc3 e4 13. dxe4 Bxh2+ 14. Kh1
Rxd1 15. Rfxd1 Bxe4 16. Rd2 Bxf3 17. Bxf3 Bf4 18. Rad1 Bxd2 19. Rxd2 Re8 20. g3
h5 21. g4 hxg4 22. Bxg4+ {
Puis Th8+ mais coup illégal. Les noirs gagnent quelques coup plus tard.} 0-1

[Event "19eme Open de La Réunion"]
[Site "Salle des fêtes de Bellepierre"]
[Date "2017.10.17"]
[Round "2.12"]
[White "Assie, Joel"]
[Black "Padre, Maxime"]
[Result "1/2-1/2"]
[WhiteElo "1398"]
[BlackElo "1347"]
[PlyCount "124"]
[EventDate "2017.??.??"]

1. d4 Nf6 2. Nf3 e6 3. g3 Be7 4. Bg2 O-O 5. Bf4 c5 6. c3 d5 7. O-O Nc6 8. Nbd2
b6 9. e3 Bb7 10. Re1 cxd4 11. exd4 Rc8 12. a3 Na5 13. Ne5 Nd7 14. Rc1 Nxe5 15.
Rxe5 Bf6 16. Rh5 g6 17. Qg4 Bg7 18. Rh3 h5 19. Qe2 Bxd4 20. Nf3 Bg7 21. Ne5 Nc6
22. g4 hxg4 23. Nxg4 Re8 24. Ne5 Nxe5 25. Bxe5 Qe7 26. Rd1 f6 27. Bg3 Kf7 28.
Rd4 Rh8 29. Rdh4 Rxh4 30. Rxh4 Rh8 31. Ra4 Bc6 32. Rh4 Rxh4 33. Bxh4 Bb7 34.
Qb5 Qe8 35. Qb3 Ba6 36. Qb4 Qe7 37. Qd4 Qc5 38. Qf4 Qe7 39. Qa4 Bc8 40. Bf1 Bh8
41. Bg3 Bg7 42. Bb8 a5 43. Bb5 Bb7 44. Bg3 e5 45. Qc2 Qe6 46. c4 Bc6 47. cxd5
Bxd5 48. Qc7+ Kg8 49. Qc2 Kh7 50. Bd3 e4 51. Be2 Qc6 52. Qb1 f5 53. Qf1 Bxb2
54. Qh3+ Kg7 55. Bf4 Bc1 56. Qh6+ Kf7 57. Bxc1 Qf6 58. Be3 Bc6 59. Bc4+ Ke8 60.
Bxb6 Qa1+ 61. Bf1 Qf6 62. Qh7 Qg5+ 1/2-1/2

[Event "19eme Open de La Réunion"]
[Site "Salle des fêtes de Bellepierre"]
[Date "2017.10.17"]
[Round "2.13"]
[White "Laoussing, Mathis"]
[Black "Padre, Bryan"]
[Result "1-0"]
[WhiteElo "1350"]
[BlackElo "1150"]
[PlyCount "38"]
[EventDate "2017.??.??"]

1. e4 e5 2. Nf3 Nc6 3. d4 exd4 4. Nxd4 Bc5 5. Nxc6 Qf6 6. f4 Qxc6 7. Nc3 Nf6 8.
Bb5 Qe6 9. e5 Ng4 10. Nd5 Kd8 11. Qf3 c6 12. Bc4 cxd5 13. Bxd5 Qg6 14. f5 Qh5
15. h3 d6 16. Qxg4 Qxg4 17. hxg4 dxe5 18. Bxf7 e4 19. Bg5+ Be7 {
Coup illégal puis abandon au 26ème coup} 1-0

[Event "19eme Open de La Réunion"]
[Site "Salle des fêtes de Bellepierre"]
[Date "2017.10.17"]
[Round "2.14"]
[White "Poignart, Francois-Xavier"]
[Black "Alex-Geerjanan, Nils"]
[Result "1-0"]
[WhiteElo "1337"]
[BlackElo "1140"]
[PlyCount "49"]
[EventDate "2017.??.??"]

1. d4 d5 2. c4 c6 3. Nf3 Nf6 4. g3 Bg4 5. Bg2 e6 6. Qc2 Na6 7. a3 Bd6 8. Nbd2
O-O 9. O-O Nc7 10. e4 Qd7 11. e5 Ne4 12. exd6 Nxd6 13. Ne5 Qc8 14. Nxg4 Nce8
15. b3 e5 16. Nxe5 Nf6 17. Ndf3 Ng4 18. Bf4 Qf5 19. Qxf5 Nxf5 20. Nxg4 Ne7 21.
Bd6 Rfe8 22. Rfe1 Rad8 23. Bxe7 Rd7 24. Bc5 b6 25. Rxe8# 1-0

[Event "19eme Open de La Réunion"]
[Site "Salle des fêtes de Bellepierre"]
[Date "2017.10.17"]
[Round "2.15"]
[White "Celestin, Dimitri"]
[Black "Sandjivy, Jean Marc"]
[Result "1-0"]
[WhiteElo "1148"]
[BlackElo "1291"]
[PlyCount "51"]
[EventDate "2017.??.??"]

1. e4 c5 2. Nf3 d6 3. Bc4 Nf6 4. Nc3 Nc6 5. O-O Nd4 6. Be2 Nxe2+ 7. Qxe2 e5 8.
d3 d5 9. Nxe5 dxe4 10. Nxe4 Qd4 11. Nf3 Bg4 12. Nxf6+ Kd8 13. Qe8+ Kc7 14.
Qxf7+ Kc6 15. Nxg4 Qb4 16. Nfe5+ Kb6 17. Nc4+ Ka6 18. Qe6+ b6 19. Bd2 Qb5 20.
a4 Qe8 21. Rfe1 Qb8 22. a5 Kb7 23. a6+ Kc7 24. Qf7+ Kc6 25. Nge5+ Kb5 26. Qd7#
1-0

[Event "19eme Open de La Réunion"]
[Site "Salle des fêtes de Bellepierre"]
[Date "2017.10.17"]
[Round "2.16"]
[White "Rebut, Paul"]
[Black "Vincent, Theo"]
[Result "1-0"]
[WhiteElo "1261"]
[BlackElo "1120"]
[PlyCount "77"]
[EventDate "2017.??.??"]

1. e4 e5 2. Nf3 Nc6 3. d4 exd4 4. Nxd4 Bc5 5. Be3 Qf6 6. c3 Nge7 7. g3 d6 8.
Bg2 Nxd4 9. Bxd4 Bxd4 10. Qxd4 Qxd4 11. cxd4 O-O 12. O-O Nc6 13. d5 Nd4 14. Nc3
Bd7 15. Rad1 Nc2 16. Rd2 Nb4 17. a3 Na6 18. b4 c5 19. dxc6 bxc6 20. Rxd6 Rfd8
21. Rfd1 Nb8 22. Bh3 h6 23. Bxd7 Nxd7 24. Rxd7 Rxd7 25. Rxd7 a5 26. Rc7 axb4
27. axb4 Rb8 28. Rxc6 Rxb4 29. Nd5 Rxe4 30. Kg2 Kh7 31. Rc7 Kg8 32. Kf3 Ra4 33.
Nf4 g5 34. Nd5 f5 35. Ne7+ Kf7 36. Nxf5+ Kg6 37. Ne3 Kh5 38. Rc6 Ra5 39. g4+
1-0

[Event "19eme Open de La Réunion"]
[Site "Salle des fêtes de Bellepierre"]
[Date "2017.10.17"]
[Round "2.17"]
[White "Carballar, Alexandre"]
[Black "Fautrel, Pierrick"]
[Result "1-0"]
[WhiteElo "1138"]
[BlackElo "1260"]
[PlyCount "102"]
[EventDate "2017.??.??"]

1. e4 e5 2. Nf3 Nc6 3. d4 exd4 4. Nxd4 Bc5 5. Be3 Qf6 6. c3 Nge7 7. g3 O-O 8.
Nxc6 Qxc6 9. Bxc5 Qxc5 10. Bg2 Qb5 11. Qc2 c6 12. c4 Qh5 13. O-O d6 14. Nc3 Bh3
15. Rfd1 Bxg2 16. Kxg2 Rfd8 17. Rd3 Rd7 18. Rad1 Rad8 19. Qd2 Qe5 20. f4 Qe6
21. b3 d5 22. exd5 cxd5 23. Nxd5 Nxd5 24. Rxd5 Qe4+ 25. Kg1 Rxd5 26. cxd5 Kf8
27. Qd4 Qxd4+ 28. Rxd4 Ke7 29. Kf2 Kd6 30. Ke3 Kc5 31. b4+ Kd6 32. Re4 Rd7 33.
a4 f5 34. Re5 g6 35. Kd4 Rc7 36. Re6+ Kd7 37. d6 Rc2 38. Re7+ Kxd6 39. Rxh7 Ra2
40. a5 b6 41. Rxa7 bxa5 42. Rxa5 Rxh2 43. Ra6+ Kc7 44. Rxg6 Rd2+ 45. Kc3 Ra2
46. Rg5 Kb6 47. Rxf5 Ra3+ 48. Kc4 Rxg3 49. Rg5 Rf3 50. Rg6+ Kc7 51. Rf6 Rf1 1-0

[Event "19eme Open de La Réunion"]
[Site "Salle des fêtes de Bellepierre"]
[Date "2017.10.17"]
[Round "2.18"]
[White "Alfonsi, Romain"]
[Black "Fondrat, Johan"]
[Result "0-1"]
[WhiteElo "1250"]
[BlackElo "1099"]
[PlyCount "46"]
[EventDate "2017.??.??"]

1. e4 e5 2. Nf3 Nc6 3. Bc4 h6 4. O-O d6 5. h3 Nf6 6. d3 Be7 7. Nc3 O-O 8. Be3
Bd7 9. d4 exd4 10. Nxd4 a6 11. Nf3 Ne5 12. Nd4 Nxc4 13. Bc1 Bc6 14. f3 d5 15.
e5 Nxe5 16. Nxc6 Nxc6 17. Ne2 d4 18. b3 Bc5 19. Qd3 Nb4 20. Qc4 Qd6 21. Rd1 b5
22. Bf4 Qc6 23. Nxd4 bxc4 {Puis CxDc6 mais coup illégal car Roi Blanc en échec.
Au bout de 66 coups les noirs gagnent par échec et mat.} 0-1

[Event "19eme Open de La Réunion"]
[Site "Salle des fêtes de Bellepierre"]
[Date "2017.10.17"]
[Round "2.19"]
[White "Leonardy, Batiste"]
[Black "Carballar, Eric"]
[Result "1-0"]
[WhiteElo "1116"]
[BlackElo "1203"]
[PlyCount "113"]
[EventDate "2017.??.??"]

1. e4 e5 2. Nf3 Nf6 3. Nxe5 Nxe4 4. Qf3 Nf6 5. d4 Bd6 6. Bc4 Qe7 7. Bxf7+ Kd8
8. Qe3 Bxe5 9. dxe5 Ng4 10. Qg5 Nxe5 11. Qxe7+ Kxe7 12. Bh5 b6 13. Bf4 d6 14.
Bg5+ Kf8 15. f4 Nf7 16. O-O Bf5 17. c4 Nd7 18. Nc3 c6 19. Bf3 Rc8 20. Rad1 a6
21. Be4 Be6 22. b3 b5 23. f5 Nxg5 24. fxe6+ Nf6 25. Rxd6 Ke7 26. Rd4 b4 27. h4
c5 28. hxg5 cxd4 29. gxf6+ gxf6 30. Nd5+ Kd6 31. Rxf6 Rhf8 32. Rxf8 Rxf8 33. e7
Rh8 34. Bxh7 d3 35. Bxd3 Ke6 36. Bg6 Kd7 37. e8=Q+ Rxe8 38. Bxe8+ Kxe8 39. Nc7+
Kd7 40. Nxa6 Kc6 41. Nxb4+ Kc5 42. a3 Kd4 43. Kf2 Kc3 44. c5 Kxb3 45. c6 Kxa3
46. c7 Kxb4 47. c8=Q Kb5 48. Qc7 Ka6 49. Qb8 Ka5 50. Qb7 Ka4 51. Qb6 Ka3 52.
Qb5 Ka2 53. Qb4 Ka1 54. Ke2 Ka2 55. Kd2 Ka1 56. Kc2 Ka2 57. Qb2# 1-0

[Event "19eme Open de La Réunion"]
[Site "Salle des fêtes de Bellepierre"]
[Date "2017.10.17"]
[Round "2.20"]
[White "Hauet, Noah"]
[Black "Houwenaghel, Maxime"]
[Result "1-0"]
[WhiteElo "1199"]
[BlackElo "1080"]
[PlyCount "49"]
[EventDate "2017.??.??"]

1. g3 e5 2. Bg2 Qf6 3. Nf3 Bc5 4. O-O Ne7 5. d3 O-O 6. Be3 b6 7. Bxc5 bxc5 8.
a4 Rd8 9. Nc3 Bb7 10. Ne4 Bxe4 11. dxe4 Nbc6 12. c3 d5 13. exd5 Nxd5 14. a5
Nxc3 15. bxc3 Rxd1 16. Raxd1 h6 17. Nh4 Rb8 18. Rd5 Rb5 19. a6 Ne7 20. c4 Ra5
21. Rd7 Ra2 22. Rxc7 Nf5 23. Be4 Nxh4 24. Rc8+ Qd8 25. Rxd8# 1-0

[Event "19eme Open de La Réunion"]
[Site "Salle des fêtes de Bellepierre"]
[Date "2017.10.17"]
[Round "2.21"]
[White "Juillien, Thibault"]
[Black "Bosi-Lagarde, Arthur"]
[Result "1-0"]
[WhiteElo "1099"]
[BlackElo "1160"]
[PlyCount "53"]
[EventDate "2017.??.??"]

1. c4 e5 2. g3 Nc6 3. Bg2 Nf6 4. Nf3 Bd6 5. O-O O-O 6. Nc3 e4 7. Nh4 Qe7 8. Re1
Re8 9. Nf5 Qe5 10. Nxd6 cxd6 11. Nb5 d5 12. d3 exd3 13. Qxd3 Nb4 14. Qd2 Nc6
15. cxd5 Nd4 16. Qxd4 a6 17. Qxe5 Rxe5 18. Nc7 Ra7 19. d6 Ne8 20. Bf4 Rf5 21.
Nxe8 Rc5 22. Be3 Re5 23. Bxa7 Rxe8 24. Rac1 b5 25. e3 g5 26. Rc7 f5 27. Rec1
1-0

[Event "19eme Open de La Réunion"]
[Site "Salle des fêtes de Bellepierre"]
[Date "2017.10.17"]
[Round "2.22"]
[White "Eric Andriana, Fitia"]
[Black "Mohamed, Keziah"]
[Result "1-0"]
[WhiteElo "1156"]
[BlackElo "1060"]
[PlyCount "101"]
[EventDate "2017.??.??"]

1. e4 e5 2. Nf3 Nc6 3. Bc4 Nf6 4. Ng5 d5 5. exd5 Nxd5 6. Nxf7 Kxf7 7. Qf3+ Ke6
8. Nc3 Ncb4 9. O-O c6 10. Bb3 Bc5 11. a3 Na6 12. Re1 Qd6 13. d3 Rf8 14. Qe4
Bxf2+ 15. Kh1 Bxe1 16. Qg4+ Ke7 17. Nxd5+ cxd5 18. Qxg7+ Rf7 19. Bg5+ Ke8 20.
Qg8+ Qf8 21. Qxf8+ Kxf8 22. Rxe1 d4 23. Bxf7 Kxf7 24. Rf1+ Kg6 25. Bf6 Nc5 26.
Bxe5 Ne6 27. g4 b5 28. h4 Bb7+ 29. Kh2 h5 30. Rf6+ Kg7 31. Rxe6+ Kf7 32. Rf6+
Kg7 33. Rb6+ Kf7 34. Rxb7+ Ke6 35. Bxd4 a6 36. gxh5 Rd8 37. Bc3 Kf5 38. h6 Kg6
39. h7 Kh5 40. h8=Q+ Rxh8 41. Bxh8 Kxh4 42. Ra7 Kg4 43. Rxa6 Kf4 44. Re6 Kf5
45. Re1 Kf4 46. d4 Kf3 47. d5 Kf2 48. Re8 Kf3 49. d6 Kf4 50. d7 Kf3 51. d8=Q
1-0

[Event "19eme Open de La Réunion"]
[Site "Salle des fêtes de Bellepierre"]
[Date "2017.10.17"]
[Round "3.1"]
[White "Lorans, Sylvain"]
[Black "Triton, Maxime"]
[Result "1-0"]
[WhiteElo "2167"]
[BlackElo "1705"]
[PlyCount "51"]
[EventDate "2017.??.??"]

1. d4 Nf6 2. c4 g6 3. Nc3 Bg7 4. e4 d6 5. Be2 O-O 6. Be3 e5 7. d5 a5 8. g4 Na6
9. g5 Nd7 10. h4 Nac5 11. h5 Re8 12. Nf3 Nf8 13. Nh2 f5 14. gxf6 Qxf6 15. Ng4
Bxg4 16. Bxg4 Re7 17. Qd2 Qf7 18. O-O-O Nfd7 19. Rdg1 Rf8 20. hxg6 hxg6 21. f3
Nf6 22. Qh2 Nh5 23. Kb1 Nd3 24. Bg5 Ree8 25. Bxh5 gxh5 26. Bh6 1-0

[Event "19eme Open de La Réunion"]
[Site "Salle des fêtes de Bellepierre"]
[Date "2017.10.17"]
[Round "3.2"]
[White "Frelicot, Eric"]
[Black "Testud, Philippe"]
[Result "0-1"]
[WhiteElo "1680"]
[BlackElo "2167"]
[PlyCount "90"]
[EventDate "2017.??.??"]

1. c4 e6 2. Nc3 d5 3. cxd5 exd5 4. d4 c6 5. Nf3 Bf5 6. e3 Nf6 7. Bd3 Bxd3 8.
Qxd3 Nbd7 9. O-O Bd6 10. e4 dxe4 11. Nxe4 Be7 12. Nxf6+ Nxf6 13. Re1 O-O 14.
Be3 Re8 15. a3 Qd5 16. Rac1 Bd6 17. Qc4 Qxc4 18. Rxc4 Nd5 19. b4 a5 20. Bd2
Rxe1+ 21. Nxe1 axb4 22. axb4 Ra4 23. Kf1 Nb6 24. Rc3 Bxb4 25. Re3 Kf8 26. Bxb4+
Rxb4 27. Nf3 f6 28. Ke2 Nd5 29. Ra3 Nf4+ 30. Ke3 Nxg2+ 31. Ke4 g5 32. Kf5 Kf7
33. Ra8 Rb5+ 34. Kg4 Nf4 35. h4 h5+ 36. Kg3 Ne2+ 37. Kg2 g4 38. Nd2 Nxd4 39.
Ne4 Nf5 40. Kh2 Re5 41. Ng3 Nxg3 42. Kxg3 b5 43. Kf4 b4 44. Rb8 Rb5 45. Rc8 b3
0-1

[Event "19eme Open de La Réunion"]
[Site "Salle des fêtes de Bellepierre"]
[Date "2017.10.17"]
[Round "3.3"]
[White "Mezouaghi, Miloud"]
[Black "Duprey, Francois-Xavier"]
[Result "1-0"]
[WhiteElo "2102"]
[BlackElo "1614"]
[PlyCount "84"]
[EventDate "2017.??.??"]

1. c4 c5 2. Nf3 g6 3. g3 Bg7 4. Bg2 Nc6 5. Nc3 e5 6. d3 Nge7 7. O-O O-O 8. Rb1
Rb8 9. a3 a5 10. Bd2 h6 11. Ne1 f5 12. Nc2 b6 13. b4 d6 14. Nd5 axb4 15. axb4
Bd7 16. e3 Nxd5 17. Bxd5+ Kh7 18. f4 Ne7 19. Bg2 Bc6 20. Bc3 Bxg2 21. Kxg2 exf4
22. Bxg7 Kxg7 23. exf4 d5 24. Qe2 Re8 25. Qe5+ Kh7 26. bxc5 dxc4 27. dxc4 Nc6
28. Qd6 Re2+ 29. Rf2 Qe8 30. Qd3 Rxf2+ 31. Kxf2 Rd8 32. Qe3 Qxe3+ 33. Kxe3 bxc5
34. Rb5 Nd4 35. Nxd4 cxd4+ 36. Kd3 Kg7 37. Rd5 Ra8 38. Kxd4 Ra2 39. c5 Rxh2 40.
c6 Rd2+ 41. Ke5 Re2+ 42. Kd6 Rc2 1-0

[Event "19eme Open de La Réunion"]
[Site "Salle des fêtes de Bellepierre"]
[Date "2017.10.17"]
[Round "3.4"]
[White "Goorsahye, Antoine"]
[Black "Evrin, Selvam"]
[Result "1-0"]
[WhiteElo "1750"]
[BlackElo "1592"]
[PlyCount "67"]
[EventDate "2017.??.??"]

1. Nf3 d5 2. g3 Nf6 3. Bg2 c5 4. d4 Nc6 5. O-O cxd4 6. Nxd4 Nxd4 7. Qxd4 Bf5 8.
c4 e6 9. Nc3 Bb4 10. cxd5 Bxc3 11. bxc3 exd5 12. Ba3 Be4 13. Bh3 Qc7 14. f3 Bg6
15. Rfe1 h5 16. c4 h4 17. cxd5 hxg3 18. d6 gxh2+ 19. Kg2 Qa5 20. d7+ Kd8 21.
Qe3 Nd5 22. Qc1 Nf4+ 23. Qxf4 Qxa3 24. Qg5+ Qe7 25. Qa5+ b6 26. Qd5 Rb8 27.
Rac1 h1=Q+ 28. Rxh1 Qxe2+ 29. Kg3 f5 30. Bxf5 Rf8 31. Rc8+ Ke7 32. d8=Q+ Rxd8
33. Qxd8+ Kf7 34. Qf8# 1-0

[Event "19eme Open de La Réunion"]
[Site "Salle des fêtes de Bellepierre"]
[Date "2017.10.17"]
[Round "3.5"]
[White "Andriandaza, Tombo Omar"]
[Black "Etheve, Lionel"]
[Result "1-0"]
[WhiteElo "1711"]
[BlackElo "1576"]
[PlyCount "139"]
[EventDate "2017.??.??"]

1. d4 d5 2. Nf3 Nf6 3. Bf4 e6 4. h3 Bd6 5. Ne5 Nbd7 6. Nd2 Bxe5 7. dxe5 Ng8 8.
Nf3 Ne7 9. e3 b6 10. Bd3 c5 11. c3 Qc7 12. O-O Ng6 13. Kh1 Nxf4 14. exf4 Bb7
15. Ng5 g6 16. Qg4 Qc6 17. c4 d4 18. Be4 Qc8 19. Rfe1 Bxe4 20. Nxe4 O-O 21.
Rad1 f5 22. exf6 Nxf6 23. Qf3 Nxe4 24. Rxe4 Qc6 25. Rde1 e5 26. Qg3 exf4 27.
Qh4 Qf6 28. Qh6 Qg7 29. Qg5 Rf5 30. Re8+ Rxe8 31. Rxe8+ Rf8 32. Re7 Qf6 33.
Qd5+ Kh8 34. Rxa7 f3 35. g3 Qf5 36. Qxf5 Rxf5 37. Re7 Rf6 38. Kg1 Kg8 39. Kf1
h5 40. Ke1 Kf8 41. Re4 Kf7 42. Kd2 Re6 43. Kd3 g5 44. g4 hxg4 45. hxg4 Rh6 46.
Re5 Rh2 47. Rf5+ Kg6 48. Rxf3 Rg2 49. Ke4 Rxg4+ 50. Kd5 Rg1 51. Rd3 Re1 52. Rd2
Kf5 53. a3 Kf4 54. b4 cxb4 55. axb4 Rb1 56. b5 Kf3 57. Kxd4 g4 58. Kd5 Rf1 59.
Kc6 Rxf2 60. Rd3+ Kf4 61. Kxb6 g3 62. Rxg3 Kxg3 63. c5 Rf6+ 64. c6 Kf4 65. Kb7
Ke5 66. c7 Rf7 67. Kc6 Rf6+ 68. Kc5 Rf8 69. b6 Rc8 70. Kc6 1-0

[Event "19eme Open de La Réunion"]
[Site "Salle des fêtes de Bellepierre"]
[Date "2017.10.17"]
[Round "3.6"]
[White "Larmet, Nino"]
[Black "Assie, Joel"]
[Result "1-0"]
[WhiteElo "1563"]
[BlackElo "1398"]
[PlyCount "103"]
[EventDate "2017.??.??"]

1. e4 c6 2. Nc3 d5 3. Nf3 Bg4 4. h3 Bxf3 5. Qxf3 e6 6. exd5 cxd5 7. Bb5+ Nc6 8.
O-O a6 9. Ba4 b5 10. Bb3 Nd4 11. Qd3 Bc5 12. Ne2 Nxb3 13. axb3 Qd7 14. Qg3 Kf8
15. d4 Bb6 16. Bf4 Nf6 17. Bd6+ Kg8 18. Be5 Bd8 19. Nf4 g6 20. Qe3 Kf8 21. Nd3
Rg8 22. Qh6+ Ke8 23. Nc5 Qc6 24. Qe3 Ne4 25. Nxe4 dxe4 26. c3 f6 27. Bh2 f5 28.
f3 g5 29. fxe4 f4 30. Qe2 Ra7 31. c4 b4 32. d5 Bb6+ 33. Kh1 Qc8 34. Bg1 Bxg1
35. Kxg1 a5 36. Qg4 Qc5+ 37. Rf2 Rg6 38. Qe2 e5 39. Kf1 Kd8 40. Rf3 Kc7 41. Qf2
Kb6 42. Qxc5+ Kxc5 43. Rd3 h5 44. Rad1 Rd6 45. Rc1 h4 46. Ke2 Rg7 47. Kf3 Rg8
48. Ra1 Rdg6 49. Rxa5+ Kb6 50. Rb5+ Ka6 51. Rd1 g4+ 52. hxg4 1-0

[Event "19eme Open de La Réunion"]
[Site "Salle des fêtes de Bellepierre"]
[Date "2017.10.17"]
[Round "3.7"]
[White "Poignart, Francois-Xavier"]
[Black "Calmels, Nicolas"]
[Result "1/2-1/2"]
[WhiteElo "1337"]
[BlackElo "1863"]
[PlyCount "140"]
[EventDate "2017.??.??"]

1. d4 d5 2. c4 e6 3. Nf3 Nf6 4. Nc3 c6 5. Bg5 Be7 6. Qc2 a5 7. e3 dxc4 8. Bxc4
b5 9. Bd3 Nbd7 10. O-O Bb7 11. Ne4 c5 12. Nxf6+ gxf6 13. Bh4 c4 14. Be4 Bxe4
15. Qxe4 Qc8 16. Qc2 Qb7 17. Bg3 h5 18. Rfc1 f5 19. Qe2 h4 20. Be5 f6 21. Bf4
Kf7 22. h3 Rag8 23. Kh2 e5 24. dxe5 fxe5 25. Bxe5 Nxe5 26. Nxe5+ Ke6 27. Nf3
Bd6+ 28. Kh1 Rh6 29. Rg1 Ke7 30. Nd4 Qd5 31. Qf3 Qxf3 32. Nxf3 Bc5 33. Rae1 Rd8
34. Re2 Rd3 35. Ne5 Rd5 36. Nf3 Rd3 37. Ne5 Rd5 38. Nf3 Kf7 39. Rd2 Rxd2 40.
Nxd2 Be7 41. Nf3 Bf6 42. Nd4 Bxd4 43. exd4 Rd6 44. Rd1 Rd5 45. f4 b4 46. Kg1 a4
47. Kf2 c3 48. bxc3 bxc3 49. Ke3 Rb5 50. Rc1 Rb2 51. Rxc3 Rxg2 52. Kd3 Rxa2 53.
Kc4 Ke6 54. Re3+ Kf6 55. Kd5 a3 56. Re6+ Kf7 57. Ra6 Ra1 58. Ra7+ Kg6 59. Ra6+
Kh5 60. Ke5 a2 61. Kxf5 Rd1 62. Ra8 Kh6 63. Ra6+ Kg7 64. Rxa2 Rxd4 65. Rg2+ Kh7
66. Rg4 Rd5+ 67. Ke4 Rh5 68. Rg5 Rxg5 69. fxg5 Kg6 70. Kf4 Kh5 1/2-1/2

[Event "19eme Open de La Réunion"]
[Site "Salle des fêtes de Bellepierre"]
[Date "2017.10.17"]
[Round "3.8"]
[White "Payet, Jean-Claude"]
[Black "Hauet, Noah"]
[Result "1-0"]
[WhiteElo "1837"]
[BlackElo "1199"]
[PlyCount "43"]
[EventDate "2017.??.??"]

1. e4 g6 2. Nf3 Bg7 3. Nc3 Nf6 4. Bc4 O-O 5. d3 c6 6. h3 b5 7. Bb3 b4 8. Ne2 c5
9. a3 Bb7 10. axb4 cxb4 11. O-O d6 12. Ng5 h6 13. Nf3 e6 14. Be3 d5 15. e5 Nfd7
16. d4 a5 17. Qd2 Na6 18. Bxh6 Bxh6 19. Qxh6 f6 20. Qxg6+ Kh8 21. Nf4 Rg8 22.
Qh6# 1-0

[Event "19eme Open de La Réunion"]
[Site "Salle des fêtes de Bellepierre"]
[Date "2017.10.17"]
[Round "3.9"]
[White "Rebut, Paul"]
[Black "Desire, Michael"]
[Result "0-1"]
[WhiteElo "1261"]
[BlackElo "1773"]
[PlyCount "94"]
[EventDate "2017.??.??"]

1. e4 c6 2. Nf3 d5 3. Nc3 Bg4 4. exd5 cxd5 5. Bb5+ Nc6 6. d4 e6 7. Qd3 Bf5 8.
Bxc6+ bxc6 9. Qa6 Qc7 10. Ne5 Rc8 11. Bf4 Bd6 12. Bg3 Ne7 13. O-O O-O 14. Rac1
f6 15. Nf3 e5 16. Rfe1 Ng6 17. h3 e4 18. Bxd6 Qxd6 19. Nh2 Qd7 20. Re3 Be6 21.
Ne2 f5 22. Ra3 Rc7 23. Kh1 f4 24. Ng1 Qe7 25. Rc3 Rfc8 26. Qf1 Qg5 27. Re1 Rf8
28. b4 Rff7 29. a3 h5 30. a4 Qe7 31. Rb1 Bf5 32. Qa6 Bc8 33. Qe2 Qg5 34. Re1
Nh4 35. Qf1 Ba6 36. b5 cxb5 37. Rxc7 Rxc7 38. axb5 Bxb5 39. Ne2 Rxc2 40. g3 Nf3
41. gxf4 Qh4 42. Nxf3 exf3 43. Kh2 fxe2 44. Qg2 Qxf4+ 45. Kg1 Qxd4 46. Qg6 Qd2
47. Qe6+ Kh8 0-1

[Event "19eme Open de La Réunion"]
[Site "Salle des fêtes de Bellepierre"]
[Date "2017.10.17"]
[Round "3.10"]
[White "Eric Andriana, Fitia"]
[Black "Bah, Ismael"]
[Result "1-0"]
[WhiteElo "1156"]
[BlackElo "1712"]
[PlyCount "85"]
[EventDate "2017.??.??"]

1. e4 e5 2. Nf3 Nc6 3. Bc4 Bc5 4. c3 Nf6 5. d4 exd4 6. e5 Ng4 7. cxd4 Bb4+ 8.
Nbd2 d5 9. Bb5 Bd7 10. O-O Nh6 11. a3 Be7 12. Nb3 a6 13. Bxc6 Bxc6 14. Na5 Qd7
15. Bxh6 gxh6 16. Rc1 Bb5 17. Re1 b6 18. Nb3 Ba4 19. Rc3 c5 20. Qc1 c4 21. Na1
Bc6 22. Qxh6 O-O-O 23. Nc2 Qe6 24. Qc1 Rdg8 25. Ne3 Rg6 26. Re2 Rhg8 27. Kf1
Bd8 28. Rec2 f5 29. exf6 Bxf6 30. b3 b5 31. bxc4 dxc4 32. Nxc4 Kd8 33. Ne3 Bb7
34. d5 Qb6 35. Rd3 Kd7 36. d6 Bc6 37. Nd5 Qb7 38. Nxf6+ Rxf6 39. Ne5+ Ke6 40.
Nxc6 Kd7 41. Ne5+ Ke6 42. Nf3 Rf7 43. Qe3+ 1-0